Chhaava 2025/directed by Laxman Utekar; produced by Dinesh Vijan (Record no. 20727)

000 -LEADER
fixed length control field 00529nam a22001337a 4500
008 - FIXED-LENGTH DATA ELEMENTS--GENERAL INFORMATION
fixed length control field 250524b xxu||||| |||| 00| 0 eng d
245 ## - TITLE STATEMENT
Title Chhaava 2025/directed by Laxman Utekar; produced by Dinesh Vijan
260 ## - PUBLICATION, DISTRIBUTION, ETC. (IMPRINT)
Place of publication, distribution, etc INDIA
300 ## - PHYSICAL DESCRIPTION
Extent 187 mins
310 ## - CURRENT PUBLICATION FREQUENCY
Current publication frequency Extent (number of discs followed by format or leave blank for mere web sites) 1 videofile, (ca. 187 mins.).
650 ## - SUBJECT ADDED ENTRY--TOPICAL TERM
Source of heading or term Topical term of geographic name as entry element Crime
Topical term or geographic name as entry element Crime, Drama, Mystery,thriller, Western
700 ## - ADDED ENTRY--PERSONAL NAME
Personal name Laxman, Utekar
942 ## - ADDED ENTRY ELEMENTS (KOHA)
Source of classification or shelving scheme
Item type Audio-Visual Materials
Holdings
Source of acquisition Price effective from Permanent location Date last seen Not for loan Date acquired Source of classification or shelving scheme Koha item type Collection code Shelving location Damaged status Lost status Withdrawn status Current location
Donation2025-05-24Cagayan State University - Carig Library2025-05-24 2025-05-24 Audio-Visual MaterialsElectronic Media CenterAudio Visual   Cagayan State University - Carig Library

Cagayan State University University Library, Carig Campus
Tuguegarao City, Cagayan 3500 | www.csucarig.edu.ph

Powered by Koha